Učitavanje...

ANNUAL REPORTS ON THE PROGRESS OF CHEMISTRY FOR 1961

Bibliografski detalji
Format: Printed Book
Izdano: LONDON CHEMICAL SOC. 1962
Teme:
LEADER 00577nam a2200181 4500
020 |c 40 
082 |a 540 ANN 
100
245 |a ANNUAL REPORTS ON THE PROGRESS OF CHEMISTRY FOR 1961  |h ENGLISH 
250
260 |a LONDON  |b CHEMICAL SOC.  |c 1962 
300 |a 529  |f HB 
500 |a   
590 |d SHILLI 40 
650 |a ANNUAL REPORTS ON THE PROGRESS OF CHEMISTRY FOR 1961 
942 |c REF 
999 |c 119173  |d 119173 
952 |0 0  |1 0  |4 0  |6 540_000000000000000_ANN  |7 0  |9 132638  |a CHE  |b CHE  |g 40.00  |l 0  |o 540 ANN  |p CHE479  |r 2019-10-15  |w 2019-10-15  |y REF